书目信息 |
| 题名: |
静力学(修订版)
|
|
| 作者: | 于呈光 编 | |
| 分册: | ||
| 出版信息: | 西南交通大学出版社 1997.04 |
|
| 页数: | 151页 | |
| 开本: | 32开 | |
| 丛书名: | ||
| 单 册: | ||
| 中图分类: | O312 | |
| 科图分类: | ||
| 主题词: | 理论力学 , 一般力学 | |
| 电子资源: | ||
| ISBN: | 7-81057-060-9 | |
| 000 | 00570nam0 2200205 45 | |
| 001 | 1009061044 | |
| 005 | 20000918191527.9 | |
| 010 | @a7-81057-060-9@d10.50元 | |
| 100 | @a20100906d1997 km y0chiy0120 ea | |
| 101 | 0 | @achi |
| 105 | @a z 000yy | |
| 200 | 1 | @a静力学(修订版)@AJing Li Xue(Xiu Ding Ban)@f于呈光等编@FYu Cheng Guang Deng Bian |
| 210 | @a西南交通大学出版社@d1997.04 | |
| 215 | @a151页@d32开 | |
| 606 | 0 | @a理论力学 |
| 606 | 0 | @a一般力学 |
| 690 | @aO312@v3 | |
| 701 | 0 | @a于呈光@4编 |
| 801 | @aCN@bPftUser@c20100906 | |
| 905 | @dO312@eY883@b147456-465@f10 | |
| 静力学(修订版)/于呈光等编.-西南交通大学出版社,1997.04 |
| 151页;32开 |
| ISBN 7-81057-060-9:10.50元 |
| ● |
| 相关链接 |
|
|
|
正题名:静力学(修订版)
索取号:O312/Y883
 
预约/预借
| 序号 | 登录号 | 条形码 | 馆藏地/架位号 | 状态 | 备注 |
| 1 | 147456 | 201474564 | 自科二线504/504自科库 36排1列3层/ [索取号:O312/Y883] | 在馆 | |
| 2 | 147457 | 201474573 | 自科二线504/504自科库 36排1列3层/ [索取号:O312/Y883] | 在馆 | |
| 3 | 147458 | 201474582 | 自科二线504/504自科库 36排2列1层/ [索取号:O312/Y883] | 在馆 | |
| 4 | 147459 | 201474591 | 自科二线504/504自科库 36排1列3层/ [索取号:O312/Y883] | 在馆 | |
| 5 | 147460 | 201474608 | 自科二线504/504自科库 36排2列1层/ [索取号:O312/Y883] | 在馆 | |
| 6 | 147461 | 201474617 | 自科二线504/504自科库 36排1列3层/ [索取号:O312/Y883] | 在馆 | |
| 7 | 147462 | 201474626 | 自科二线504/504自科库 36排1列3层/ [索取号:O312/Y883] | 在馆 | |
| 8 | 147463 | 201474635 | 自科二线504/504自科库 36排1列3层/ [索取号:O312/Y883] | 在馆 | |
| 9 | 147464 | 201474644 | 自科库401/ [索取号:O312/Y883] | 在馆 | |
| 10 | 147465 | 201474653 | 自科二线504/504自科库 36排1列3层/ [索取号:O312/Y883] | 在馆 |